000 00581nam a22001937a 4500
005 20241114115916.0
010 _aENG-142624
020 _c1995.00
_a9788178331652
035 _aEN-126156
037 _bDBAD
082 _a668.4222
100 _aNiir Board of Consulants and Engineers
_973946
245 _aResins/
_cby Niir Board of Consulants and Engineers
250 _a3rd Rev. Edition
260 _aDelhi
_bAsia Pacific Business Press Inc.
_c2016
270 _bDelhi
300 _a622p.
_c22cm(pbk)
942 _2ddc
_cEN
_h668.4222
_mNII
_e3rd Rev. Edition
999 _c206986
_d206986